00542nam a22002057a 450000500170000001000110001702000100002803500110003803700160004904000120006508200130007710000150009024500620010526000400016727000160020730000280022365000380025165000270028970000200031620170124110033.0 a744652 c00.00 a744652 bCen Lib/Ret adplbEN a887bKER aKerr, Jean aPenny candy /cby Jean Kerr;illustrated by Whitney Darrow bDoubleday & Companyc1970aNew York aGarden City a186p. :c20cm(Hb)bill. aClassical greek humor and satire. aHow to talk to a baby. aDarrow, Whitney